[Event "Please do not Yell"]
[Site "SchemingMind.com"]
[Date "2009.05.11"]
[Round "-"]
[White "maro"]
[Black "echecs"]
[Result "0-1"]
[WhiteCountry "MEX"]
[BlackCountry "ENG"]
[WhiteElo "1333"]
[WhiteRD "51"]
[BlackElo "1783"]
[BlackRD "63"]
[GameID "204031"]

1. d4 e6 2. Nf3 Nf6 3. h3 d5 4. Bd2 c5 5. e3 cxd4 6. Nxd4 Be7 7. Be2 O-O 8. O-O Nc6 9. a3 Ne4 10. Nxc6 bxc6
11. Nc3 Nxd2 12. Qxd2 a5 13. Na4 Bd7 14. c4 c5 15. Bf3 Bxa4 16. cxd5 Bc6 17. d6 Bxd6 18. Qe2 Bxf3 19. Qxf3 Qb6 20. Rab1 Rac8
21. Rfd1 Rfd8
0-1

[Event "Please do not Yell"]
[Site "SchemingMind.com"]
[Date "2009.05.10"]
[Round "-"]
[White "maro"]
[Black "Archon"]
[Result "0-1"]
[WhiteCountry "MEX"]
[BlackCountry "CAN"]
[WhiteElo "1333"]
[WhiteRD "51"]
[BlackElo "1703"]
[BlackRD "59"]
[GameID "204032"]

1. Nf3 d6 2. e4 g6 3. Bc4 e6 4. b3 Bg7 5. c3 c5 6. Bb5+ Nc6 7. Bc4 Nge7 8. Ba3 O-O 9. b4 cxb4 10. cxb4 Bxa1
11. b5 Na5 12. Bb3 Nxb3 13. Qxb3 Bg7 14. O-O Re8 15. Re1 b6 16. e5 dxe5 17. Nxe5 Bb7 18. g3 Rc8 19. Nxf7 Kxf7 20. Qxe6+ Kf8
21. Qg4 Qd5 22. f3 Qxf3 23. Bxe7+ Rxe7 24. Qxf3+ Rf7 25. Qa3+ Kg8 26. Qxa7 Bd4+ 27. Re3 Bxe3+ 28. dxe3 Rc1#
0-1

[Event "Please do not Yell"]
[Site "SchemingMind.com"]
[Date "2009.05.09"]
[Round "-"]
[White "maro"]
[Black "Ollowain"]
[Result "0-1"]
[WhiteCountry "MEX"]
[BlackCountry "GER"]
[WhiteElo "1333"]
[WhiteRD "51"]
[BlackElo "2092"]
[BlackRD "86"]
[GameID "204033"]

1. e3 e5 2. Nc3 d5 3. Nf3 Nc6 4. b3 Nf6 5. Bb2 Bd6 6. Qe2 Bg4 7. h3 Bf5 8. Qd1 O-O 9. Be2 d4 10. exd4 exd4
11. Nb5 Bc5 12. d3 a6 13. Na3 Bb4+ 14. c3 dxc3 15. Bc1 c2+
0-1

[Event "Please do not Yell"]
[Site "SchemingMind.com"]
[Date "2009.05.09"]
[Round "-"]
[White "maro"]
[Black "AycaguerMarcel"]
[Result "0-1"]
[WhiteCountry "MEX"]
[BlackCountry "URU"]
[WhiteElo "1335"]
[WhiteRD "48"]
[BlackElo "1532"]
[BlackRD "77"]
[GameID "204034"]

1. d4 d5 2. c4 dxc4 3. d5 Nf6 4. Nc3 c6 5. d6 exd6 6. Bf4 Be7 7. e4 b5 8. a3 O-O 9. Be2 Be6 10. h3 d5
11. exd5 cxd5 12. Nxb5 Nc6 13. Qa4 Qb6 14. Nc7 Rac8 15. Nxe6 fxe6 16. Nf3 Nd4 17. Nxd4 Qxd4 18. Rd1 Qxf4 19. O-O Bc5 20. g3 Qxg3+
0-1

[Event "Please do not Yell"]
[Site "SchemingMind.com"]
[Date "2009.05.09"]
[Round "-"]
[White "maro"]
[Black "Heidi"]
[Result "1-0"]
[WhiteCountry "MEX"]
[BlackCountry "USA"]
[WhiteElo "1292"]
[WhiteRD "48"]
[BlackElo "986"]
[BlackRD "71"]
[GameID "204035"]

1. Nc3 e5 2. e3 Nf6 3. Qf3 Bb4 4. a3 Bxc3 5. bxc3 d5 6. a4 e4 7. Qf4 O-O 8. Ba3 Re8 9. Nh3 c6 10. g3 h6
11. Bg2 Nh5 12. Qd6 Na6 13. Qxd8 Rxd8 14. Be7 Re8 15. Bd6 Re6 16. Bf4 Rg6 17. g4 Nxf4 18. Nxf4 Rxg4 19. Bh3 Rg5 20. Bxc8 Rxc8
21. O-O-O Rf5 22. d3 Rd8 23. dxe4 Re5 24. c4 Rxe4 25. Ne2 Rde8 26. Ng3 Rxc4 27. a5 Ra4 28. Ne2 Nc5 29. h4 Ne4 30. f4 b6
31. axb6 axb6 32. Rhg1 Rea8 33. Kb2 Ra2+ 34. Kb3 R8a3+ 35. Kb4 Ra4+ 36. Kb3 d4 37. exd4 c5 38. dxc5 Nxc5+ 39. Kc3 Ne4+ 40. Kb3 b5
41. Rd8+ Kh7 42. Nd4 b4 43. Re1 Nc5+ 44. Kc4 Rxc2+ 45. Nxc2 Ra5 46. Kxb4 Nb7 47. Rf8 f6 48. f5 Rxf5 49. Re7 Nd6 50. Nd4 Rh5
51. Rd7 Ne4 52. Ne6 Kg6 53. Nf4+ Kf5 54. Nxh5 g6 55. Ng7+ Ke5 56. Re8+ Kf4 57. Rd4 g5 58. Rdxe4+ Kg3 59. hxg5 fxg5 60. Nf5+ Kf3
61. Nxh6 g4 62. Nxg4
1-0

[Event "Please do not Yell"]
[Site "SchemingMind.com"]
[Date "2009.05.09"]
[Round "-"]
[White "e_castle3"]
[Black "maro"]
[Result "1-0"]
[WhiteCountry "PHI"]
[BlackCountry "MEX"]
[WhiteElo "1744"]
[WhiteRD "66"]
[BlackElo "1328"]
[BlackRD "52"]
[GameID "204036"]

1. Nf3 Nf6 2. d4 c6 3. c4 e6 4. Nc3 b6 5. e4 Ba6 6. Be2 Bb4 7. Qc2 Bxc3+ 8. bxc3 b5 9. c5 d6 10. cxd6 Qxd6
11. e5 Qe7 12. exf6 Qxf6 13. O-O O-O 14. Bb2 Nd7 15. Rad1 Rad8 16. c4 b4 17. d5 Qe7 18. d6 Qe8 19. Qa4 Nc5 20. Qxb4 Ne4
21. Bd3 Nxd6 22. Qa4 Bxc4 23. Bxc4 Nxc4 24. Qxc4 f6 25. Nd4
1-0

[Event "Please do not Yell"]
[Site "SchemingMind.com"]
[Date "2009.05.11"]
[Round "-"]
[White "echecs"]
[Black "maro"]
[Result "1-0"]
[WhiteCountry "ENG"]
[BlackCountry "MEX"]
[WhiteElo "1783"]
[WhiteRD "63"]
[BlackElo "1333"]
[BlackRD "51"]
[GameID "204037"]

1. e4 e5 2. Nf3 Nc6 3. Bc4 Nh6 4. d4 d6 5. Bxh6 Qf6 6. Bg5 Qg6 7. O-O Bg4 8. Be3 Be7 9. Nbd2 O-O 10. d5 Nd4
11. Bxd4 exd4 12. Be2 h5 13. Nxd4 Bf6 14. Bxg4 hxg4 15. Nf5 Bd4 16. Ne7+ Kh7 17. Nxg6 Kxg6 18. Qxg4+ Kh7 19. Nf3 Bf6 20. c3 g6
21. Ng5+ Bxg5 22. Qxg5 f6 23. Qh4+ Kg8 24. f4 g5 25. fxg5
1-0

[Event "Please do not Yell"]
[Site "SchemingMind.com"]
[Date "2009.05.10"]
[Round "-"]
[White "Archon"]
[Black "maro"]
[Result "1-0"]
[WhiteCountry "CAN"]
[BlackCountry "MEX"]
[WhiteElo "1703"]
[WhiteRD "59"]
[BlackElo "1333"]
[BlackRD "51"]
[GameID "204038"]

1. d4 d5 2. e4 dxe4 3. Nc3 Bf5 4. f3 exf3 5. Nxf3 Bg4 6. h3 Bxf3 7. Qxf3 Qxd4 8. Be3 Qb4 9. O-O-O g6 10. Bd4 Bh6+
11. Kb1 f6 12. a3 Qa5 13. Bc4 c6 14. Be6 Qc7 15. Rhe1 Nd7 16. Bf2 Ne5 17. Qe2 b6 18. Bg3 Bg7 19. Bxe5 fxe5 20. Ne4 Nf6
21. Nxf6+ Bxf6 22. Rd7 Bh4 23. Rxc7
1-0

[Event "Please do not Yell"]
[Site "SchemingMind.com"]
[Date "2009.05.10"]
[Round "-"]
[White "Ollowain"]
[Black "maro"]
[Result "1-0"]
[WhiteCountry "GER"]
[BlackCountry "MEX"]
[WhiteElo "2107"]
[WhiteRD "83"]
[BlackElo "1328"]
[BlackRD "52"]
[GameID "204039"]

1. e4 e5 2. Nf3 Nc6 3. Bb5 Nge7 4. O-O a6 5. Ba4 d5 6. Nxe5 Bd7 7. Nxd7 Qxd7 8. exd5 Nxd5 9. Re1+ Be7 10. d4 O-O
11. c4 Ndb4 12. d5 Bc5 13. dxc6 Bxf2+ 14. Kxf2 Qf5+ 15. Kg1 Nd3 16. Rf1 Qc5+ 17. Kh1 Nf2+ 18. Rxf2 Qxf2 19. cxb7 Rfd8 20. Qg1 Qxg1+
21. Kxg1 Rab8 22. Nc3 Rxb7 23. b3
1-0

[Event "Please do not Yell"]
[Site "SchemingMind.com"]
[Date "2009.05.09"]
[Round "-"]
[White "AycaguerMarcel"]
[Black "maro"]
[Result "1-0"]
[WhiteCountry "URU"]
[BlackCountry "MEX"]
[WhiteElo "1558"]
[WhiteRD "73"]
[BlackElo "1333"]
[BlackRD "51"]
[GameID "204040"]

1. e4 d5 2. exd5 Qxd5 3. Nc3 Qd4 4. Nf3 Qd6 5. d4 Bf5 6. d5 Nf6 7. Bg5 h6 8. Bxf6 Qxf6 9. Bb5+ c6 10. dxc6 bxc6
11. Bc4 e6 12. O-O Bc5 13. Na4 Be7 14. Nd4 O-O 15. Nxf5 Qxf5 16. Qe2 c5 17. Rfd1 Nc6 18. Rd2 Bg5 19. Rd6 Nb4 20. Bd3 Nxd3
21. Rxd3 c4 22. Rd7 Bf6 23. Qxc4 Rac8 24. Rc7 Rxc7 25. Qxc7 Be5 26. Qc4 Rb8 27. c3 Qc2 28. g3 g5 29. Re1 Bf6 30. Re2 Qd1+
31. Kg2 Qd5+ 32. Qxd5 exd5 33. Rd2 Rd8 34. Kf3 d4 35. cxd4 Kg7 36. d5
1-0

[Event "Please do not Yell"]
[Site "SchemingMind.com"]
[Date "2009.05.10"]
[Round "-"]
[White "Heidi"]
[Black "maro"]
[Result "0-1"]
[WhiteCountry "USA"]
[BlackCountry "MEX"]
[WhiteElo "979"]
[WhiteRD "69"]
[BlackElo "1333"]
[BlackRD "51"]
[GameID "204041"]

1. e4 d5 2. Nc3 d4 3. Nb5 e5 4. Nf3 Bd7 5. c4 Bc5 6. d3 Nc6 7. Na3 Bb4+ 8. Bd2 Bc5 9. Bg5 f6 10. Bd2 Nb4
11. Bxb4 Bxb4+ 12. Nd2 f5 13. Be2 fxe4 14. Nb5 e3 15. fxe3 dxe3 16. Bh5+ g6 17. Bg4 exd2+ 18. Qxd2 Bxd2+ 19. Kxd2 Qg5+ 20. Kc3 Qxg4
21. h3 Qxg2 22. Rhe1 e4 23. Rxe4+ Ne7 24. Re5 Qxh3 25. Nxc7+ Kf7 26. a3 Rac8 27. Nb5 Bxb5 28. Kb3 Rxc4 29. Rxb5 Rd4 30. Rxb7 Qxd3+
31. Ka2 Ra4 32. Re1 Qd5+ 33. Kb1 Qxb7
0-1

[Event "Please do not Yell"]
[Site "SchemingMind.com"]
[Date "2009.05.10"]
[Round "-"]
[White "Nerjano"]
[Black "e_castle3"]
[Result "0-1"]
[WhiteCountry "BEL"]
[BlackCountry "PHI"]
[WhiteElo "1630"]
[WhiteRD "97"]
[BlackElo "1744"]
[BlackRD "66"]
[GameID "204065"]

1. Nf3 Nf6 2. c4 e6 3. g3 g6 4. Bg2 Bg7 5. O-O O-O 6. d4 c6 7. Nc3 d5 8. Bg5 Qc7 9. Ne5 Nbd7 10. Nxd7 Bxd7
11. e4 dxe4 12. Nxe4 Nxe4 13. Bxe4 h6 14. Bf4 Qb6 15. Qd2 g5 16. Be3 f5 17. Bg2 Qc7 18. Rac1 f4 19. Bh3 fxe3 20. fxe3 e5
21. Bxd7 Qxd7 22. d5 Qd6 23. e4 Rad8 24. Qe3 Qg6 25. Rcd1 h5 26. b4 h4 27. Qd2 hxg3 28. hxg3 Rxf1+ 29. Rxf1 Bh6 30. Qg2 g4
31. a4 Be3+
0-1

[Event "Please do not Yell"]
[Site "SchemingMind.com"]
[Date "2009.05.11"]
[Round "-"]
[White "Nerjano"]
[Black "echecs"]
[Result "0-1"]
[WhiteCountry "BEL"]
[BlackCountry "ENG"]
[WhiteElo "1765"]
[WhiteRD "121"]
[BlackElo "1783"]
[BlackRD "63"]
[GameID "204066"]

1. Nf3 d5 2. c4 c6 3. g3 Nf6 4. Bg2 e6 5. Qc2 d4 6. d3 c5 7. Bg5 Be7 8. O-O Nc6 9. Nbd2 Bd7 10. Nb3 b6
11. e3 dxe3 12. fxe3 Nb4 13. Qd1 Rc8 14. Ne5 O-O 15. d4 Ba4 16. a3 Nc6 17. Nxc6 Bxc6 18. Nc1 Bxg2 19. Kxg2 cxd4 20. c5 Rxc5
21. Nb3 Rxg5 22. exd4 Qd5+ 23. Kg1 Ng4 24. Rf4 Ne3 25. Qd3 Qg2#
0-1

[Event "Please do not Yell"]
[Site "SchemingMind.com"]
[Date "2009.05.12"]
[Round "-"]
[White "Nerjano"]
[Black "Archon"]
[Result "1-0"]
[WhiteCountry "BEL"]
[BlackCountry "CAN"]
[WhiteElo "1630"]
[WhiteRD "97"]
[BlackElo "1684"]
[BlackRD "64"]
[GameID "204067"]

1. Nf3 d6 2. d4 g6 3. e4 Nf6 4. Nc3 Bg7 5. h3 O-O 6. Be3 a6 7. a4 Nc6 8. Be2 e5 9. d5 Nb4 10. a5 c6
11. Bb6 Qd7 12. Qd2 cxd5 13. exd5 Nh5 14. Ne4 Nf4 15. Bf1 Nbxd5 16. O-O-O Nxb6 17. axb6 d5 18. Nc5 Qc6 19. Nd3 Nxd3+ 20. Qxd3 Qxb6
21. Qa3 e4 22. Nd2 Be6 23. Nb3 d4 24. Qc5 Qxc5 25. Nxc5 Bf5 26. Nxb7 Be5 27. g4 Be6 28. Nc5 Rfe8 29. Bxa6 Rxa6 30. Nxa6 Ra8
31. Nc5 Ra1+ 32. Kd2 Rxd1+ 33. Rxd1 Bf4+ 34. Ke1 e3 35. fxe3 Bxe3 36. Nxe6 fxe6 37. Ra1 e5 38. Ra5 Bf4 39. b4 e4 40. Rd5 Be3
41. Ke2 Kf7 42. Re5
1-0

[Event "Please do not Yell"]
[Site "SchemingMind.com"]
[Date "2009.05.11"]
[Round "-"]
[White "Nerjano"]
[Black "maro"]
[Result "1-0"]
[WhiteCountry "BEL"]
[BlackCountry "MEX"]
[WhiteElo "1722"]
[WhiteRD "214"]
[BlackElo "1335"]
[BlackRD "48"]
[GameID "204068"]

1. Nf3 Nc6 2. d4 d5 3. g3 Bg4 4. Bg2 Nh6 5. O-O g6 6. Bf4 Bg7 7. Qd2 O-O 8. Bxh6 Bxh6 9. Qxh6 Nxd4 10. Ng5 Nxe2+
11. Kh1
1-0

[Event "Please do not Yell"]
[Site "SchemingMind.com"]
[Date "2009.05.12"]
[Round "-"]
[White "Nerjano"]
[Black "Ollowain"]
[Result "0-1"]
[WhiteCountry "BEL"]
[BlackCountry "GER"]
[WhiteElo "1765"]
[WhiteRD "121"]
[BlackElo "2092"]
[BlackRD "86"]
[GameID "204069"]

1. Nf3 Nf6 2. c4 c5 3. g3 d5 4. Bg2 Nc6 5. cxd5 Nxd5 6. Nc3 Nc7 7. a3 g6 8. O-O Bg7 9. d3 O-O 10. Be3 Ne6
11. Qd2 Ncd4 12. Qd1 Nxf3+ 13. Bxf3 Nd4 14. Be4 e5 15. Bd2 f5 16. Bd5+ Be6 17. Bxb7 Rb8 18. Ba6 Nb3 19. Rb1 Qa5 20. Bc4 Bxc4
21. dxc4 Rfd8 22. Re1 Rxd2
0-1

[Event "Please do not Yell"]
[Site "SchemingMind.com"]
[Date "2009.05.11"]
[Round "-"]
[White "Nerjano"]
[Black "AycaguerMarcel"]
[Result "1-0"]
[WhiteCountry "BEL"]
[BlackCountry "URU"]
[WhiteElo "1765"]
[WhiteRD "121"]
[BlackElo "1558"]
[BlackRD "73"]
[GameID "204070"]

1. Nf3 Nf6 2. c4 e6 3. g3 d5 4. Bg2 Be7 5. O-O O-O 6. d4 b6 7. Qc2 Bb7 8. b3 c5 9. Bb2 Nbd7 10. Nc3 Rc8
11. cxd5 exd5 12. Rac1 a6 13. Rfd1 Qc7 14. Qf5 g6 15. Qb1 Qb8 16. Na4 Ba8 17. Qa1 Ne4 18. dxc5 bxc5 19. Ne5 Rfd8 20. Nxd7 Rxd7
21. Bxe4
1-0

[Event "Please do not Yell"]
[Site "SchemingMind.com"]
[Date "2009.05.12"]
[Round "-"]
[White "Nerjano"]
[Black "Heidi"]
[Result "1-0"]
[WhiteCountry "BEL"]
[BlackCountry "USA"]
[WhiteElo "1765"]
[WhiteRD "121"]
[BlackElo "979"]
[BlackRD "69"]
[GameID "204071"]

1. Nf3 Nf6 2. c4 d5 3. g3 c5 4. Bg2 d4 5. d3 Nc6 6. Bf4 e5 7. Nxe5 Bd6 8. Nxc6 bxc6 9. Bg5 Bf5 10. Bxf6 Qxf6
11. Bxc6+ Ke7 12. Bxa8 Rxa8 13. Qb3 Kf8 14. Nd2 Rb8 15. Qa3 Rb7 16. b3 Re7 17. Ne4 Qe6 18. f3 Qh6 19. Kf2 Bxe4 20. fxe4 Bxg3+
21. hxg3 Qf6+ 22. Kg2 Re5 23. Rxh7 Kg8 24. Rah1 g6 25. Qxa7 Rg5 26. Qb8+
1-0

[Event "Please do not Yell"]
[Site "SchemingMind.com"]
[Date "2009.05.14"]
[Round "-"]
[White "e_castle3"]
[Black "Nerjano"]
[Result "1-0"]
[WhiteCountry "PHI"]
[BlackCountry "BEL"]
[WhiteElo "1744"]
[WhiteRD "66"]
[BlackElo "1630"]
[BlackRD "97"]
[GameID "204072"]

1. e4 d5 2. exd5 Qxd5 3. Nc3 Qd6 4. Nf3 Nf6 5. Be2 Bf5 6. O-O e6 7. d4 Be7 8. h3 O-O 9. Be3 c6 10. Qd2 Ne4
11. Nxe4 Qd8 12. Ng3 Bg6 13. Rfc1 Nd7 14. c4 h6 15. b4 a5 16. a3 Nf6 17. Ne5 Ne4 18. Nxe4 Bxe4 19. f3 Bh7 20. c5 Qc7
21. b5 Rfd8 22. b6 Qb8 23. Bf4 Qc8 24. Qe3 g5 25. Bh2 f6 26. Ng4 Kg7 27. Bc4 Bg8 28. h4 f5 29. Be5+
1-0

[Event "Please do not Yell"]
[Site "SchemingMind.com"]
[Date "2009.05.14"]
[Round "-"]
[White "echecs"]
[Black "Nerjano"]
[Result "1-0"]
[WhiteCountry "ENG"]
[BlackCountry "BEL"]
[WhiteElo "1784"]
[WhiteRD "54"]
[BlackElo "1630"]
[BlackRD "97"]
[GameID "204073"]

1. e4 d5 2. exd5 Qxd5 3. Nc3 Qd6 4. d4 Nf6 5. Nf3 c6 6. Bc4 Be6 7. Bxe6 Qxe6+ 8. Ne2 g6 9. O-O Bg7 10. c3 O-O
11. Nf4 Qc8 12. Qb3 e6 13. Nd3 Nbd7 14. Nfe5 Nxe5 15. Nxe5 Nd7 16. f4 f6 17. Nxd7 Qxd7 18. f5 Kh8 19. fxe6 Qc7 20. Bf4 Qe7
21. Rfe1 Rfe8 22. c4 f5 23. d5 Qc5+ 24. Kh1 b5 25. d6 bxc4 26. Qd1 Bf6 27. Rb1 Rad8 28. d7 Re7 29. Bd6
1-0

[Event "Please do not Yell"]
[Site "SchemingMind.com"]
[Date "2009.05.14"]
[Round "-"]
[White "Archon"]
[Black "Nerjano"]
[Result "1-0"]
[WhiteCountry "CAN"]
[BlackCountry "BEL"]
[WhiteElo "1684"]
[WhiteRD "64"]
[BlackElo "1630"]
[BlackRD "97"]
[GameID "204074"]

1. d4 d5 2. e4 g6 3. Nc3 Bg7 4. e5 c5 5. f4 Nh6 6. Nf3 Bg4 7. Be3 Nf5 8. Bf2 Nc6 9. Bb5 O-O 10. Ne2 Bxf3
11. gxf3 Qa5+ 12. Nc3 cxd4 13. O-O Ne3 14. Bxe3 dxc3 15. Bxc6 bxc6 16. b3 Rad8 17. Kh1 c5 18. Bf2 d4 19. Bh4 f6 20. Qe2 Qc7
21. Rae1 fxe5 22. fxe5 Rd5 23. Bg3 e6 24. f4 Rf5 25. Kg1 Qf7 26. Qe4 Bh6 27. Rf2 g5 28. fxg5 Rxf2 29. Bxf2 Bxg5 30. Qg4 Qg6
31. Re2 h6 32. h4 d3 33. cxd3 Qxd3 34. Re1 Qf5 35. Qg3 Rd3 36. Qg2 c2 37. hxg5
1-0

[Event "Please do not Yell"]
[Site "SchemingMind.com"]
[Date "2009.05.14"]
[Round "-"]
[White "maro"]
[Black "Nerjano"]
[Result "0-1"]
[WhiteCountry "MEX"]
[BlackCountry "BEL"]
[WhiteElo "1333"]
[WhiteRD "51"]
[BlackElo "1765"]
[BlackRD "121"]
[GameID "204075"]

1. d4 d5 2. c4 c6 3. c5 e5 4. dxe5 Bxc5 5. Bd2 Qb6 6. e3 Nh6 7. Qh5 Bg4 8. Qg5 O-O 9. b3 Nd7 10. f4 Bxe3
11. Be2 Bxd2+ 12. Nxd2 f6 13. exf6 Nxf6 14. Bxg4 Nhxg4 15. Ne2 Qf2+ 16. Kd1 Ne3+ 17. Kc1 Qxe2 18. Qe5 Ne4 19. Qe6+ Kh8
0-1

[Event "Please do not Yell"]
[Site "SchemingMind.com"]
[Date "2009.05.14"]
[Round "-"]
[White "Ollowain"]
[Black "Nerjano"]
[Result "1-0"]
[WhiteCountry "GER"]
[BlackCountry "BEL"]
[WhiteElo "2107"]
[WhiteRD "83"]
[BlackElo "1630"]
[BlackRD "97"]
[GameID "204076"]

1. e4 d5 2. exd5 Qxd5 3. Nc3 Qd6 4. d4 Nf6 5. Nf3 c6 6. Ne5 Be6 7. Bf4 Qd8 8. Be2 g6 9. O-O Bg7 10. a4 O-O
11. a5 Nbd7 12. a6 Nxe5 13. dxe5 Nd5 14. Nxd5 cxd5 15. axb7 Rb8 16. Rxa7 Qb6 17. Be3 Qxb2 18. Bd4 Qb4 19. c3 Qb2 20. Ba6 Qa2
21. Qa1 Qb3 22. Bd3 Rxb7 23. Rb1 Rxa7 24. Qxa7
1-0

[Event "Please do not Yell"]
[Site "SchemingMind.com"]
[Date "2009.05.14"]
[Round "-"]
[White "AycaguerMarcel"]
[Black "Nerjano"]
[Result "1-0"]
[WhiteCountry "URU"]
[BlackCountry "BEL"]
[WhiteElo "1587"]
[WhiteRD "76"]
[BlackElo "1630"]
[BlackRD "97"]
[GameID "204077"]

1. e4 d5 2. exd5 Qxd5 3. Nc3 Qd6 4. d4 Nf6 5. Nf3 c6 6. Be2 Bg4 7. O-O Nbd7 8. Be3 e6 9. Qd2 Be7 10. Bf4 Qb4
11. a3 Qb6 12. Rfd1 Nd5 13. Nxd5 cxd5 14. Rab1 O-O 15. h3 Bf5 16. Bd3 Bxd3 17. Qxd3 Rac8 18. Rdc1 Bf6 19. c4 dxc4 20. Rxc4 Rxc4
21. Qxc4 Nb8 22. Be5 Qd8 23. b4 Nc6 24. Bxf6 Qxf6 25. d5 Ne5 26. Nxe5 Qxe5 27. Rd1 Rd8 28. d6 Qh5 29. Rd2 Qe5 30. Rd1 h6
31. d7 Qb8 32. a4 b5 33. axb5 Qb7 34. Qc6 Qb6 35. Kf1 Kf8 36. Qc5+ Kg8 37. Qe7 Qc7 38. Qe8+ Kh7 39. Qxf7 Qc4+ 40. Kg1 Qe2
41. Rc1 Qxb5 42. Rc7 Qb6 43. Rc4 Qb5 44. Rd4 Qb6 45. Rg4 Rg8 46. Re4
1-0

[Event "Please do not Yell"]
[Site "SchemingMind.com"]
[Date "2009.05.14"]
[Round "-"]
[White "Heidi"]
[Black "Nerjano"]
[Result "0-1"]
[WhiteCountry "USA"]
[BlackCountry "BEL"]
[WhiteElo "979"]
[WhiteRD "69"]
[BlackElo "1765"]
[BlackRD "121"]
[GameID "204078"]

1. e4 d5 2. Nc3 dxe4 3. Nxe4 Qd5 4. Bb5+ Qxb5 5. d3 Bf5 6. Nc3 Qa5 7. Nf3 e6 8. Bd2 Qb6 9. O-O Nf6 10. Na4 Qc6
11. Re1 Qxa4 12. Ne5 Bd6 13. Nc4 Na6 14. b3 Qd7 15. Re3 O-O 16. Qe2 Nb4 17. c3 Nbd5 18. Rh3 Bxh3 19. Re1 Bg4 20. Qe4 Nxe4
21. dxe4 Bf4 22. Bxf4 Nxf4 23. Ne5 Qd2 24. Rb1 Ne2+ 25. Kf1 Nxc3 26. Re1 Be2+
0-1

[Event "Please do not Yell"]
[Site "SchemingMind.com"]
[Date "2009.05.10"]
[Round "-"]
[White "keen"]
[Black "e_castle3"]
[Result "0-1"]
[WhiteCountry "SCO"]
[BlackCountry "PHI"]
[WhiteElo "1651"]
[WhiteRD "62"]
[BlackElo "1691"]
[BlackRD "69"]
[GameID "204098"]

1. d4 d5 2. e3 e6 3. Bd3 Bd6 4. Nd2 Nf6 5. f4 O-O 6. Ngf3 c5 7. c3 Nc6 8. Ne5 Bxe5 9. dxe5 Nd7 10. O-O Qe7
11. Bxh7+ Kxh7 12. Qh5+ Kg8 13. Rf3 f6 14. Rh3 Qe8 15. Qg4 fxe5 16. Rg3 Qf7 17. Nf3 Nf6 18. Qg5 Ne4
0-1

[Event "Please do not Yell"]
[Site "SchemingMind.com"]
[Date "2009.05.11"]
[Round "-"]
[White "keen"]
[Black "echecs"]
[Result "1-0"]
[WhiteCountry "SCO"]
[BlackCountry "ENG"]
[WhiteElo "1654"]
[WhiteRD "59"]
[BlackElo "1784"]
[BlackRD "54"]
[GameID "204099"]

1. d4 e6 2. e3 Nf6 3. Bd3 c5 4. c3 d5 5. f4 Nc6 6. Nf3 Be7 7. Ne5 Qc7 8. O-O O-O 9. Nd2 cxd4 10. cxd4 Nb4
11. Bb1 Nd7 12. Qh5 g6 13. Nxg6 fxg6 14. Bxg6 Nf6 15. Qh6 Bd8 16. Bb1 Rf7 17. Nf3 Rg7 18. Ng5 Ng4 19. Qh3 Bxg5 20. fxg5 e5
21. Qf3 Be6 22. h3 e4 23. Qf4 Qxf4 24. Rxf4 Rxg5 25. hxg4 Bxg4 26. Bd2 Nc6 27. Be1 Bf3 28. g3 Ne7 29. Bc2 Ng6 30. Rf6 Rc8
31. Bb3 Kg7 32. Rd6 Kh6 33. Bf2 Kh5 34. Bxd5 Kg4 35. Be6+ Kh5 36. Bxc8 Ne7 37. Bh3 Nc6 38. Rd7 h6 39. Be6 Nb4 40. Rxb7 Nd3
41. d5 Ne5 42. d6 Nd3 43. d7
1-0

[Event "Please do not Yell"]
[Site "SchemingMind.com"]
[Date "2009.05.10"]
[Round "-"]
[White "keen"]
[Black "Archon"]
[Result "0-1"]
[WhiteCountry "SCO"]
[BlackCountry "CAN"]
[WhiteElo "1616"]
[WhiteRD "60"]
[BlackElo "1622"]
[BlackRD "59"]
[GameID "204100"]

1. d4 d6 2. e3 c5 3. c3 cxd4 4. cxd4 Nf6 5. Bd3 g6 6. Nc3 Nc6 7. f4 Bg7 8. Nf3 Bd7 9. O-O O-O 10. Qe2 Rc8
11. Rb1 a6 12. Bd2 Nb4 13. Bc4 b5 14. Bb3 Qb6 15. Kh1 Bg4 16. h3 Be6 17. Bxe6 fxe6 18. g4 Nbd5 19. Ng5 Nc7 20. Qf3 h6
21. Nge4 Ncd5 22. h4 Nxc3 23. Nxc3 Nd7 24. Qe4 e5 25. Qd5+ Kh7 26. dxe5 dxe5 27. g5 exf4 28. exf4 h5 29. Ne4 Rcd8 30. Bc3 Rf5
31. Qd2 Ne5 32. Qe2 Ng4 33. Nf2 Nxf2+ 34. Rxf2 Qb7+ 35. Kh2 Bxc3 36. bxc3 Qc7 37. Re1 Rxf4 38. Qxe7+ Rf7+ 39. Qxc7 Rxc7 40. Rfe2 Rdd7
41. Re6 Rxc3 42. Re7+ Rxe7 43. Rxe7+ Kg8 44. Re2 Ra3 45. Rf2 Ra4 46. Kg3 Kg7 47. Kh3= Ra3+ 48. Kg2 a5 49. Rb2 b4 50. Kh2 Rc3
51. Kg2 Rc4 52. Kg3 a4 53. Kh3 Rc3+ 54. Kg2 b3 55. axb3 axb3 56. Kg1 Kf7 57. Kf1 Ke6 58. Ke1 Rh3 59. Kf1 Ke5 60. Kg2 Rxh4
61. Rxb3 Rg4+ 62. Kh3 Rxg5 63. Rb5+ Kf6 64. Rb6+ Kg7 65. Rb7+ Kh6 66. Rb8 Rf5 67. Rb6 Kg5 68. Re6 Rf3+ 69. Kg2 Ra3 70. Kh2 h4
71. Rd6 Rf3 72. Rd5+ Kg4 73. Rd4+ Rf4 74. Rd2 g5 75. Rg2+ Kh5 76. Re2 g4 77. Re5+ Kg6 78. Re6+ Kg5 79. Re5+ Rf5 80. Re8 Kf4
81. Ra8 h3 82. Ra4+ Kg5 83. Ra8 Kh4 84. Rh8+ Kg5 85. Rg8+ Kf4 86. Ra8 Re5 87. Rf8+ Rf5 88. Ra8 Re5 89. Rf8+ Ke3 90. Kg3 Re4
91. Ra8 Ke2 92. Ra2+ Kf1 93. Ra1+ Re1 94. Ra2 Kg1
0-1

[Event "Please do not Yell"]
[Site "SchemingMind.com"]
[Date "2009.05.10"]
[Round "-"]
[White "keen"]
[Black "maro"]
[Result "1-0"]
[WhiteCountry "SCO"]
[BlackCountry "MEX"]
[WhiteElo "1654"]
[WhiteRD "58"]
[BlackElo "1335"]
[BlackRD "48"]
[GameID "204101"]

1. d4 d5 2. e3 Nf6 3. Bd3 e6 4. Nd2 Bd6 5. f4 e5 6. dxe5 Bc5 7. exf6 Qxf6 8. Qf3 Be6 9. Nb3 Bb4+ 10. c3 Bxc3+
11. Bd2 Bxb2 12. Rb1 d4 13. Rxb2 dxe3 14. Bc1 Qc3+ 15. Ke2 Bc4 16. Qxe3+ Be6 17. Bb5+ c6 18. Qxc3 Bg4+ 19. Kf2 O-O 20. Bd3 Nd7
21. h3 Be6 22. Nf3 Rad8 23. Ng5
1-0

[Event "Please do not Yell"]
[Site "SchemingMind.com"]
[Date "2009.05.10"]
[Round "-"]
[White "keen"]
[Black "Ollowain"]
[Result "0-1"]
[WhiteCountry "SCO"]
[BlackCountry "GER"]
[WhiteElo "1654"]
[WhiteRD "59"]
[BlackElo "2107"]
[BlackRD "83"]
[GameID "204102"]

1. d4 Nf6 2. e3 d5 3. Bd3 g6 4. Nd2 Bg7 5. f4 c5 6. c3 O-O 7. Ngf3 b6 8. Ne5 Ba6 9. g4 Bxd3 10. Nxd3 Na6
11. Qf3 Ne8 12. h4 c4 13. Nf2 Nac7 14. h5 g5 15. fxg5 e5 16. h6 Bh8 17. Nf1 Nd6 18. Ng3 e4 19. Qg2 Qxg5 20. Rh5 Qd8
21. Nf5 Ne6 22. Nh3 Bf6 23. Nxd6 Qxd6 24. g5 Be7 25. Nf4 b5 26. g6 fxg6 27. Nxg6 hxg6 28. Qxg6+ Kh8 29. Re5 Bh4+ 30. Ke2 Nxd4+
0-1

[Event "Please do not Yell"]
[Site "SchemingMind.com"]
[Date "2009.05.09"]
[Round "-"]
[White "keen"]
[Black "AycaguerMarcel"]
[Result "1-0"]
[WhiteCountry "SCO"]
[BlackCountry "URU"]
[WhiteElo "1651"]
[WhiteRD "62"]
[BlackElo "1558"]
[BlackRD "73"]
[GameID "204103"]

1. d4 Nf6 2. e3 g6 3. Nd2 Bg7 4. Bd3 O-O 5. f4 d6 6. h4 Bg4 7. Ngf3 Nbd7 8. c3 c5 9. Qc2 Rc8 10. Nh2 cxd4
11. exd4 Qa5 12. Nxg4 Nxg4 13. Nf3 b5 14. Qe2 e5 15. O-O b4 16. Bd2 bxc3 17. Bxc3 Qb6 18. Kh1 exd4 19. Nxd4 Nh6 20. h5 Rfe8
21. Qf3 Bxd4 22. hxg6 fxg6 23. Qd5+ Nf7 24. Bxd4 Qd8 25. Bc3 Rc5 26. Qd4 Rh5+ 27. Kg1 Qb6 28. Rf3 Qxd4+ 29. Bxd4 a5 30. Rg3 Kf8
31. Rc1 Rd5 32. Bc3 Nc5 33. Bc4
1-0